000 00792nam0a22002411 4500
001 rc\2694153
005 20260406184109.0
035 _a(NLR Aleph) 006822359
090 _a6457245
_c6457245
100 _a20110915d1933 |||y0rusy50 ca
101 0 _arus
102 _aRU
105 _ay z |||||
200 1 _aГотовимся к смотру
210 _aМосква
_cВОО МВО
_d1933
_gЦентр. тип. им. К. Ворошилова
215 _a12 с.
_d14х10 см.
300 _aОтт. из журн. "Боец-охотник" № 11
710 0 2 _aВсеармейское военно-охотничье общество
_3RU\NLR\AUTH\889949418
_9394456
801 0 _aRU
_bNLR
_gpsbo
801 1 _aRU
_bELAR
_2rusmarc
852 _aNLR
_j33-8/1773
942 _cBOOK
980 _aNB